[Event "Scarborough CC-ch Reserves op"]
[Site "Toronto"]
[Date "2010.04.22"]
[Round "9"]
[White "Ugodnikov, Arkadiy"]
[Black "Stewart, Frankie"]
[Result "1-0"]
[WhiteElo "1785"]
[BlackElo "1766"]
[PlyCount "119"]
[EventDate "2010.02.25"]
[EventType "swiss"]
[EventRounds "9"]
[EventCountry "CAN"]
[SourceTitle "EXT 2022"]
[Source "ChessBase"]
[SourceDate "2021.10.06"]
[SourceVersion "1"]
[SourceVersionDate "2021.10.06"]
[SourceQuality "1"]

1. e4 e5 2. Nf3 Nf6 3. Nxe5 d6 4. Nf3 Nxe4 5. d4 Nc6 6. Bd3 Nf6 7. 0-0 Be7 8. Re1 0-0 9. h3 Nb4 10. Bc4 Bf5 11. Bb3 Qd7 12. a3 Nc6 13. Bf4 Na5 14. Ba2 Rfe8 15. b4 Nc6 16. d5 Nb8 17. Nc3 Bd8 18. Qd2 Ne4 19. Nxe4 Rxe4 20. Rxe4 Bxe4 21. Nd4 Bf6 22. c3 Bxd4 23. Qxd4 Qf5 24. Bg3 a6 25. Re1 Bc2 26. c4 Ba4 27. c5 Qg6 28. Bb1 Qh6 29. Bf4 Qh4 30. Qe4 Nd7 31. cxd6 Nf6 32. Qf3 cxd6 33. Bxd6 Re8 34. Rxe8+ Nxe8 35. Bc5 Qg5 36. Be3 Qe5 37. Qe4 Qxe4 38. Bxe4 h6 39. Bc5 f6 40. Bf5 Kf7 41. Bc8 Bb5 42. Bxb7 Nc7 43. Bb6 Ne8 44. a4 Bc4 45. Bc6 Nd6 46. f3 f5 47. Bc5 Ne8 48. d6 Nxd6 49. Bxd6 Ke6 50. Bc5 g6 51. Kf2 g5 52. b5 axb5 53. axb5 Bd5 54. Bxd5+ Kxd5 55. Ba7 f4 56. g3 fxg3+ 57. Kxg3 h5 58. Be3 g4 59. fxg4 hxg4 60. Kxg4 1-0

[Event "Toronto Scarborough CC Falling Leaves"]
[Site "Toronto"]
[Date "2009.11.12"]
[Round "2"]
[White "Marcille, Gord"]
[Black "Stewart, Frankie"]
[Result "1-0"]
[WhiteElo "1842"]
[BlackElo "1780"]
[PlyCount "77"]
[EventDate "2009.11.05"]
[EventType "swiss"]
[EventRounds "7"]
[EventCountry "CAN"]
[SourceTitle "EXT 2011"]
[Source "ChessBase"]
[SourceDate "2010.11.26"]
[SourceVersion "1"]
[SourceVersionDate "2010.11.26"]
[SourceQuality "1"]

1. e4 e5 2. Nf3 Nc6 3. Bc4 Nf6 4. Nc3 Be7 5. d4 d6 6. d5 Na5 7. Be2 b6 8. 0-0 0-0 9. b4 Nb7 10. Bb2 Nd7 11. h3 f5 12. exf5 Rxf5 13. Bd3 Rf8 14. Nd2 Bg5 15. Nde4 Bf4 16. Ne2 Qe7 17. Nxf4 exf4 18. Qh5 h6 19. Rfe1 Ne5 20. Bxe5 dxe5 21. Nd2 Qf6 22. Rxe5 Nd6 23. Rae1 Nf7 24. Re7 Qd6 25. Nc4 Qf6 26. Rxc7 f3 27. Ree7 fxg2 28. Nd6 Bxh3 29. Qxh3 Qxd6 30. Qf5 g6 31. Qg4 Ng5 32. Qxg5 Rxf2 33. Rg7+ Kf8 34. Qe7+ Qxe7 35. Rcxe7 Rf6 36. Bc4 Rc8 37. Rc7 Re8 38. d6 h5 39. Rg8# 1-0

[Event "Toronto Howard Ridout op"]
[Site "Toronto"]
[Date "2009.10.29"]
[Round "8"]
[White "Stewart, Frankie"]
[Black "Wiebe, Daniel"]
[Result "0-1"]
[WhiteElo "1786"]
[BlackElo "1929"]
[PlyCount "89"]
[EventDate "2009.09.10"]
[EventType "swiss"]
[EventRounds "8"]
[EventCountry "CAN"]
[SourceTitle "EXT 2011"]
[Source "ChessBase"]
[SourceDate "2010.11.26"]
[SourceVersion "1"]
[SourceVersionDate "2010.11.26"]
[SourceQuality "1"]

1. e4 c5 2. Nf3 d6 3. d4 cxd4 4. Nxd4 Nf6 5. Nc3 a6 6. f4 Bg4 7. Be2 Bxe2 8. Qxe2 e5 9. Nf5 g6 10. Ng3 Nc6 11. 0-0 Nd4 12. Qf2 Ng4 13. Qd2 Qh4 14. h3 Qxg3 15. hxg4 Qxg4 16. Rf2 Rc8 17. Nd5 Bg7 18. c3 Nc6 19. Ne3 Qh4 20. Nd5 h5 21. Qd3 exf4 22. Bxf4 Ne5 23. Qd2 Ng4 24. Rf3 Be5 25. Rh3 Qd8 26. Rf1 0-0 27. Bxe5 dxe5 28. Qe2 Kg7 29. Rd1 Qg5 30. Qe1 f5 31. exf5 Rxf5 32. Ne3 Nxe3 33. Rxe3 Rcf8 34. Qg3 Qxg3 35. Rxg3 R8f7 36. Rd6 R5f6 37. Rxf6 Rxf6 38. Re3 Re6 39. Re4 Kf6 40. Kf2 Kf5 41. Kf3 g5 42. Ke3 h4 43. a4 g4 44. a5 h3 45. Ra4 0-1